000 00557nam a2200193Ia 4500
999 _c55852
_d55852
001 22949
003 GE_BSU
005 20250909201014.0
008 181216s1963||||enk|||||||||||||| ||eng||
040 _cGE_BSU
080 _a81'374=111=161.1 А-64
245 _aАнгло-русский словарь /
_cред. В.Я. Есипова.
264 _aМосква :
_b?,
_c1963.
300 _a592 стр. ;
_c17 см.
541 _h7 ლ.
653 _aАнгло-русский словарь
653 _aლექსიკონი
942 _cBK
_2udc